Suomen Onnettomimmat Kunnat - Statistics

Yleistilastot
  • Tätä visaa on pelattu 173 kertaa
  • Keskiarvotulos 5 / 10
Vastaustilastot
Onneton kunta Maakunta % Oikein
Kemi Lappi
79%
Pelkosenniemi Lappi
58%
Imatra Etelä-Karjala
57%
Ilomantsi Pohjois-Karjala
51%
Paltamo Kainuu
49%
Lieksa Pohjois-Karjala
47%
Äänekoski Keski-Suomi
38%
Varkaus Pohjois-Savo
37%
Viitasaari Keski-Suomi
33%
Saarijärvi Keski-Suomi
32%
Ehtoja vastaavia visoja ei löytynyt
Tulosjakauma
Jokaisen tuloksen saaneiden osuus
Persentiili vastausten määrän mukaan
Tuloshistoriasi
Et ole pelannut tätä visaa